000 00523nam a2200181Ia 4500
008 090123s9999 xx 000 0 und d
082 _b8589
100 _aजोशी आशा
245 _aतीन राजपुत्र
250 _a1
260 _bगुलमोहर पब्लिकेशन
300 _a32
600 _aजोशी आशा
630 _aतीन राजपुत्र
700 _aजोशी आशा
730 _aतीन राजपुत्र
942 _cBOOK
999 _c46655
_d46655